[Event "Heraklion Gazi op"]
[Site "Heraklion"]
[Date "2005.10.02"]
[Round "7"]
[White "Pappas, Konstantinos"]
[Black "Markakis, Georgios"]
[Result "1-0"]
[WhiteElo "2050"]
[BlackElo "1830"]
[PlyCount "107"]
[EventDate "2005.09.27"]
[EventType "swiss"]
[EventRounds "7"]
[EventCountry "GRE"]
[SourceTitle "EXT 2007"]
[Source "ChessBase"]
[SourceDate "2006.11.23"]
[SourceVersion "1"]
[SourceVersionDate "2006.11.23"]
[SourceQuality "1"]

1. e4 e5 2. Nf3 Nf6 3. Nc3 Nc6 4. Bb5 d6 5. d4 exd4 6. Nxd4 Bd7 7. 0-0 Be7 8. Kh1 Nxd4 9. Qxd4 Bxb5 10. Nxb5 a6 11. Nc3 0-0 12. f4 Re8 13. b3 c6 14. Bb2 Qa5 15. Rad1 Rad8 16. g4 d5 17. exd5 Nxd5 18. Nxd5 Qxd5+ 19. Qxd5 cxd5 20. Rd2 Bc5 21. Kg2 f6 22. f5 b6 23. Rfd1 Re4 24. h3 h5 25. gxh5 Rf4 26. Rf1 Rh4 27. Kg3 Rxh5 28. h4 Kf7 29. Kg4 Rdh8 30. Rh1 g5 31. fxg6+ Kxg6 32. Rg2 Rg5+ 33. hxg5 f5+ 34. Kf4 Bd6+ 35. Be5 Bxe5+ 36. Kxe5 Rxh1 37. Kxd5 Rh5 38. c4 a5 39. Kc6 a4 40. Kxb6 axb3 41. axb3 Rxg5 42. Rf2 Kf6 43. b4 Rg4 44. Kc5 Ke6 45. b5 Rg8 46. Kb6 Rf8 47. Re2+ Kd7 48. c5 Rb8+ 49. Ka5 Ra8+ 50. Kb4 f4 51. c6+ Kd6 52. Rd2+ Ke6 53. c7 f3 54. b6 1-0

[Event "Heraklion Gazi op"]
[Site "Heraklion"]
[Date "2005.10.01"]
[Round "5"]
[White "Spirou, Gerasimos"]
[Black "Markakis, Georgios"]
[Result "1/2-1/2"]
[WhiteElo "1000"]
[BlackElo "1830"]
[PlyCount "67"]
[EventDate "2005.09.27"]
[EventType "swiss"]
[EventRounds "7"]
[EventCountry "GRE"]
[SourceTitle "EXT 2007"]
[Source "ChessBase"]
[SourceDate "2006.11.23"]
[SourceVersion "1"]
[SourceVersionDate "2006.11.23"]
[SourceQuality "1"]

1. e4 c5 2. Nf3 d6 3. Nc3 Nf6 4. d4 cxd4 5. Nxd4 a6 6. Bd3 e6 7. Be3 Nc6 8. Qd2 Be7 9. 0-0 Ne5 10. Be2 Qc7 11. f4 Neg4 12. Nf3 Nxe3 13. Qxe3 b5 14. Bd3 b4 15. Ne2 e5 16. Kh1 Bb7 17. c3 Ng4 18. Qd2 Qb6 19. Neg1 bxc3 20. bxc3 Qc5 21. fxe5 Nxe5 22. Nxe5 Qxe5 23. Nf3 Qc5 24. Rab1 Qc7 25. Rb3 0-0 26. Qe2 Ra7 27. Rfb1 Bc8 28. Qe3 Be6 29. c4 Bf6 30. Qb6 g6 31. Qxc7 Rxc7 32. Rc1 Rc6 33. Rb4 Rfc8 34. h3 1/2-1/2

[Event "Heraklion Gazi op"]
[Site "Heraklion"]
[Date "2005.09.28"]
[Round "2"]
[White "Markakis, Georgios"]
[Black "Eleftherakis, Stavros"]
[Result "1/2-1/2"]
[WhiteElo "1830"]
[BlackElo "1240"]
[PlyCount "39"]
[EventDate "2005.09.27"]
[EventType "swiss"]
[EventRounds "7"]
[EventCountry "GRE"]
[SourceTitle "EXT 2007"]
[Source "ChessBase"]
[SourceDate "2006.11.23"]
[SourceVersion "1"]
[SourceVersionDate "2006.11.23"]
[SourceQuality "1"]

1. d4 d5 2. Nf3 Nf6 3. g3 e6 4. Bg2 c5 5. c3 Nc6 6. 0-0 Be7 7. Nbd2 0-0 8. Re1 Qb6 9. e3 Bd7 10. b3 Rfe8 11. Bb2 cxd4 12. exd4 Rac8 13. Ne5 Rc7 14. Nxd7 Nxd7 15. Nf3 Ndb8 16. Qd3 Rec8 17. h4 Qa5 18. Ne5 Nxe5 19. Rxe5 Bd6 20. Re3 1/2-1/2

[Event "Heraklion Gazi op"]
[Site "Heraklion"]
[Date "2005.09.27"]
[Round "1"]
[White "Galanakis, Nikos"]
[Black "Markakis, Georgios"]
[Result "0-1"]
[WhiteElo "1000"]
[BlackElo "1830"]
[PlyCount "80"]
[EventDate "2005.09.27"]
[EventType "swiss"]
[EventRounds "7"]
[EventCountry "GRE"]
[SourceTitle "EXT 2007"]
[Source "ChessBase"]
[SourceDate "2006.11.23"]
[SourceVersion "1"]
[SourceVersionDate "2006.11.23"]
[SourceQuality "1"]

1. e4 c5 2. Nf3 d6 3. d4 cxd4 4. Nxd4 Nf6 5. Nc3 g6 6. Be2 Bg7 7. 0-0 0-0 8. Qd3 Nbd7 9. Bf3 Ne5 10. Qe2 a6 11. Rd1 b5 12. a3 Bb7 13. h3 Rc8 14. Nd5 Nfd7 15. Nb4 Nc5 16. Nd3 Nxf3+ 17. Nxf3 Nxe4 18. Ng5 Nf6 19. Ne5 Nd7 20. Nexf7 Rxf7 21. Nxf7 Kxf7 22. c3 Nb6 23. Bg5 h6 24. Bh4 Qd7 25. Rd3 Nd5 26. Rf3+ Nf6 27. Re3 Rc4 28. Re1 e5 29. Bg3 Nh5 30. Bh2 Nf4 31. Bxf4 Rxf4 32. Rd1 Qc6 33. Rg3 e4 34. Qd2 Be5 35. Re3 Rf5 36. Qc2 d5 37. Qb3 Qc4 38. Qc2 d4 39. Rxe4 d3 40. Qc1 Qxe4 0-1